Poribesh adhyan (Record no. 11277)
[ view plain ]
| 000 -LEADER | |
|---|---|
| fixed length control field | 00608nam a22002297a 4500 |
| 005 - DATE AND TIME OF LATEST TRANSACTION | |
| control field | 20220423130003.0 |
| 008 - FIXED-LENGTH DATA ELEMENTS--GENERAL INFORMATION | |
| fixed length control field | 220423b ||||| |||| 00| 0 eng d |
| 020 ## - INTERNATIONAL STANDARD BOOK NUMBER | |
| International Standard Book Number | 9789381784419 |
| 040 ## - CATALOGING SOURCE | |
| Original cataloging agency | IN-DiNC |
| Transcribing agency | IN-DiNC |
| 041 ## - LANGUAGE CODE | |
| Language code of sung or spoken text | Assamese |
| 082 ## - DEWEY DECIMAL CLASSIFICATION NUMBER | |
| Classification number | 333.7 |
| 100 ## - MAIN ENTRY--PERSONAL NAME | |
| Personal name | Saikia Tarun |
| Relator term | Author |
| 245 ## - TITLE STATEMENT | |
| Title | Poribesh adhyan |
| Statement of responsibility, etc. | by Tarun Saikia |
| 250 ## - EDITION STATEMENT | |
| Edition statement | 1st ed. |
| 260 ## - PUBLICATION, DISTRIBUTION, ETC. | |
| Place of publication, distribution, etc. | Jorhat |
| Name of publisher, distributor, etc. | Bidyabhaban |
| Date of publication, distribution, etc. | 2013 |
| 300 ## - PHYSICAL DESCRIPTION | |
| Extent | 186p. |
| 700 ## - ADDED ENTRY--PERSONAL NAME | |
| Personal name | Paresh Chandra Borah |
| Relator term | Author |
| 700 ## - ADDED ENTRY--PERSONAL NAME | |
| Personal name | Runu Borah Saikia |
| Relator term | Author |
| 700 ## - ADDED ENTRY--PERSONAL NAME | |
| Personal name | Ashima Borahom |
| Relator term | Author |
| 700 ## - ADDED ENTRY--PERSONAL NAME | |
| Personal name | Panchali Karmakar |
| Relator term | Author |
| 942 ## - ADDED ENTRY ELEMENTS (KOHA) | |
| Source of classification or shelving scheme | Dewey Decimal Classification |
| Koha item type | Books |
| Withdrawn status | Lost status | Source of classification or shelving scheme | Damaged status | Not for loan | Home library | Current library | Shelving location | Date acquired | Cost, normal purchase price | Total Checkouts | Full call number | Barcode | Date last seen | Date last checked out | Copy number | Price effective from | Koha item type | Collection code | Date due |
|---|---|---|---|---|---|---|---|---|---|---|---|---|---|---|---|---|---|---|---|
| Dewey Decimal Classification | Central Library, Naharkatiya College | Central Library, Naharkatiya College | General Stacks | 23/04/2022 | 130.00 | 16 | 333.7 | 21357 | 05/05/2025 | 06/03/2025 | 1 | 23/04/2022 | Books | ||||||
| Dewey Decimal Classification | Central Library, Naharkatiya College | Central Library, Naharkatiya College | General Stacks | 31/05/2022 | 130.00 | 2 | 333.7 | 21358 | 17/05/2024 | 17/05/2024 | 2 | 31/05/2022 | Books | Reference | 05/06/2024 | ||||
| Dewey Decimal Classification | Central Library, Naharkatiya College | Central Library, Naharkatiya College | General Stacks | 25/06/2022 | 130.00 | 9 | 333.7 | 21361 | 29/06/2024 | 09/05/2024 | 3 | 25/06/2022 | Books | Reference | |||||
| Dewey Decimal Classification | Central Library, Naharkatiya College | Central Library, Naharkatiya College | General Stacks | 06/04/2023 | 130.00 | 6 | 333.7 | 21359 | 24/03/2026 | 25/02/2026 | 4 | 06/04/2023 | Books | Reference |
